00311nam a2200109Ia 4500008004100000245006800041260003300109260000900142300001000151500001300161650002700174170224s9999 xx 000 0 und d aTernary Images of Self-Dual Codes and Cyclic Codes over F3+ vF3 bPhilippine Computing Journal c2012 aVII:2 aDecember xInformation Technology